000 00617nam a2200277Ia 4500
005 20260324124220.0
008 008 260324s9999 xx 000 0 eng d
020 _a9780203374399
037 _aEBOOK
040 _aCRL
040 _beng
040 _cCRL
041 _2eng
041 _aeng
084 _qCRL
100 _aDonald B. Freeman
_91173290
245 4 _aThe Pacific
260 _bTaylor and Francis
260 _c2010
365 _a
365 _b240
856 _uhttp://www.taylorfrancis.com/books/9780203374399
942 _cEBOOK
999 _c1767489
_d1767489